[Event "Bundesliga 2223"]
[Site "Germany"]
[Date "2023.03.19"]
[Round "11.1"]
[White "Wojtaszek, Radoslaw"]
[Black "Hausrath, Daniel"]
[Result "1-0"]
[WhiteElo "2693"]
[BlackElo "2465"]
[PlyCount "61"]
[EventDate "2022.10.21"]
[EventType "team-tourn"]
[EventRounds "15"]
[EventCountry "GER"]
[SourceTitle "CBM 213 Extra"]
[Source "ChessBase"]
[SourceDate "2023.05.31"]
[SourceVersion "1"]
[SourceVersionDate "2023.05.31"]
[SourceQuality "1"]
[WhiteTeam "Baden-Baden"]
[BlackTeam "Muelheim Nord"]
[WhiteTeamCountry "GER"]
[BlackTeamCountry "GER"]

1. d4 Nf6 2. c4 Nc6 3. Nc3 e5 4. d5 Ne7 5. Nf3 Ng6 6. h4 h5 7. Bg5 Be7 8. g3 d6 9. e4 Bg4 10. Be2 Nf8 11. Nh2 Bxe2 12. Qxe2 c5 13. 0-0-0 N6d7 14. Bd2 a6 15. f4 Bf6 16. Nf3 Qe7 17. Rde1 Ng6 18. Nd1 Qf8 19. Nf2 Qe7 20. Kb1 exf4 21. gxf4 0-0-0 22. Nd3 Rde8 23. Qh2 Bd4 24. Nxd4 cxd4 25. Qh3 Kb8 26. Bb4 f6 27. Rhg1 Rh6 28. Rg2 Nc5 29. Bxc5 dxc5 30. Qg3 b5 31. Rc2 1-0

[Event "Bundesliga 2223"]
[Site "Germany"]
[Date "2023.03.18"]
[Round "10.2"]
[White "Koelle, Tobias"]
[Black "Hausrath, Daniel"]
[Result "1/2-1/2"]
[WhiteElo "2439"]
[BlackElo "2465"]
[PlyCount "53"]
[EventDate "2022.10.21"]
[EventType "team-tourn"]
[EventRounds "15"]
[EventCountry "GER"]
[SourceTitle "CBM 213 Extra"]
[Source "ChessBase"]
[SourceDate "2023.05.31"]
[SourceVersion "1"]
[SourceVersionDate "2023.05.31"]
[SourceQuality "1"]
[WhiteTeam "Schoenaich"]
[BlackTeam "Muelheim Nord"]
[WhiteTeamCountry "GER"]
[BlackTeamCountry "GER"]

1. d4 d5 2. c4 e6 3. Nf3 Nf6 4. Nc3 Be7 5. Bf4 0-0 6. e3 c5 7. dxc5 Bxc5 8. a3 Nc6 9. Qc2 Re8 10. cxd5 exd5 11. Be2 Bg4 12. 0-0 Bd6 13. Bxd6 Qxd6 14. Rfd1 Rad8 15. h3 Bxf3 16. Bxf3 Qe5 17. Qb3 d4 18. Bxc6 bxc6 19. exd4 Rxd4 20. Rxd4 Qxd4 21. Rd1 Qc5 22. Qa4 h6 23. Qd4 Qe7 24. b4 a5 25. b5 cxb5 26. Nxb5 Qe2 27. Nc3 1/2-1/2

[Event "NED-chT 2223"]
[Site "Netherlands"]
[Date "2023.03.11"]
[Round "7.3"]
[White "Hausrath, Daniel"]
[Black "Godzwon, Iwo"]
[Result "0-1"]
[WhiteElo "2461"]
[BlackElo "2381"]
[PlyCount "120"]
[EventDate "2022.09.17"]
[EventType "team-tourn"]
[EventRounds "9"]
[EventCountry "NED"]
[SourceTitle "CBM 213 Extra"]
[Source "ChessBase"]
[SourceDate "2023.05.31"]
[SourceVersion "1"]
[SourceVersionDate "2023.05.31"]
[SourceQuality "1"]
[WhiteTeam "Zuid Limburg"]
[BlackTeam "Kennemer Combinatie"]
[WhiteTeamCountry "NED"]
[BlackTeamCountry "NED"]

1. Nf3 c5 2. c4 g6 3. e4 Bg7 4. d4 cxd4 5. Nxd4 Nc6 6. Be3 Nf6 7. Nc3 d6 8. Be2 0-0 9. 0-0 Bd7 10. h3 a6 11. Qc2 Rc8 12. Rad1 Qc7 13. Nb3 Be6 14. Nd5 Bxd5 15. exd5 Ne5 16. c5 Ned7 17. c6 Nb8 18. Bf3 bxc6 19. dxc6 d5 20. Bxd5 Nxd5 21. Rxd5 Qxc6 22. Rc5 Qb7 23. Rd1 Rxc5 24. Bxc5 Nc6 25. Qe4 Rc8 26. Rd2 e6 27. Ba3 Qa8 28. Nc5 Ne5 29. Qa4 a5 30. b3 Bf8 31. Qd4 Nc6 32. Qe4 Nb4 33. Qxa8 Rxa8 34. Nd7 Bh6 35. Rd6 Nxa2 36. Nf6+ Kg7 37. Bb2 Bc1 38. Be5 Nb4 39. g4 h6 40. Kg2 Rc8 41. Nd7+ Kg8 42. Nb6 Re8 43. h4 g5 44. h5 Bf4 45. Bxf4 gxf4 46. Kf3 Rb8 47. Nd7 Rb7 48. Nf6+ Kg7 49. Ne8+ Kf8 50. Rd8 Ke7 51. Ra8 f6 52. Kxf4 Nd5+ 53. Kg3 Nb6 54. Nd6 Kxd6 55. Rh8 Nd7 56. Rxh6 Rxb3+ 57. f3 Rb8 58. Rg6 a4 59. h6 Rh8 60. f4 a3 0-1

[Event "Staufer op 33rd"]
[Site "Schwaebisch Gmuend"]
[Date "2023.01.04"]
[Round "6"]
[White "Besou, Hussain"]
[Black "Hausrath, Daniel"]
[Result "1/2-1/2"]
[WhiteElo "2288"]
[BlackElo "2469"]
[PlyCount "229"]
[EventDate "2023.01.02"]
[EventType "swiss"]
[EventRounds "9"]
[EventCountry "GER"]
[SourceTitle "CBM 212 Extra"]
[Source "ChessBase"]
[SourceDate "2023.03.31"]
[SourceVersion "1"]
[SourceVersionDate "2023.03.31"]
[SourceQuality "1"]

1. d4 d5 2. c4 e6 3. Nf3 Nf6 4. Nc3 Be7 5. Bg5 0-0 6. e3 h6 7. Bh4 Ne4 8. Bxe7 Qxe7 9. cxd5 Nxc3 10. bxc3 exd5 11. Bd3 c5 12. 0-0 Nd7 13. c4 cxd4 14. Nxd4 dxc4 15. Bxc4 Ne5 16. Be2 Be6 17. Nxe6 Qxe6 18. Qd4 Rfd8 19. Qe4 Qd5 20. Qxd5 Rxd5 21. Rfd1 Rad8 22. Kf1 Kf8 23. Ke1 Ke7 24. Rxd5 Rxd5 25. Rc1 Kd6 26. Rc8 Ra5 27. f4 Nd7 28. Rg8 Rxa2 29. Rxg7 f6 30. Bb5 Nc5 31. Rf7 Rb2 32. Be2 a5 33. Rxf6+ Ke7 34. Rf5 b6 35. e4 a4 36. Bc4 a3 37. Rf7+ Kd8 38. Rf8+ Ke7 39. Rf7+ Ke8 40. Ra7 b5 41. Bxb5+ Rxb5 42. Rxa3 Rb4 43. Ke2 Kf7 44. Kf3 Nxe4 45. Re3 Nf6 46. Rd3 Ke6 47. Re3+ Kf5 48. Re5+ Kg6 49. Re3 h5 50. g3 Ng4 51. Re2 Rb3+ 52. Kg2 Ne3+ 53. Kf2 Nf5 54. Re6+ Kf7 55. Re2 Kf6 56. Kg2 Nd4 57. Rd2 Rb4 58. Ra2 Rb5 59. Rd2 Nf5 60. Re2 Ra5 61. Kh3 Ne7 62. Re3 Ng6 63. g4 Nxf4+ 64. Kg3 Ng6 65. gxh5 Rg5+ 66. Kf2 Rxh5 67. Kg3 Rg5+ 68. Kf3 Ne5+ 69. Ke4 Ke6 70. Kd4 Rh5 71. h3 Kf6 72. Ra3 Rh4+ 73. Kd5 Kf5 74. Re3 Ng6 75. Rf3+ Nf4+ 76. Kd4 Rh8 77. Re3 Rd8+ 78. Kc4 Nd5 79. Re1 Kf4 80. Re6 Ne3+ 81. Kc5 Nf5 82. Kc4 Rc8+ 83. Kd3 Kf3 84. Re5 Rd8+ 85. Kc4 Nd6+ 86. Kc5 Ne4+ 87. Kc6 Kf4 88. Rd5 Rc8+ 89. Kd7 Rc3 90. Ke6 Rxh3 91. Rf5+ Ke3 92. Rd5 Rh6+ 93. Ke7 Kf4 94. Ra5 Nc3 95. Rc5 Ne2 96. Rc4+ Ke5 97. Rc5+ Ke4 98. Kd7 Nd4 99. Ra5 Nf3 100. Kc7 Ne5 101. Ra4+ Kf5 102. Ra5 Rc6+ 103. Kb7 Rc1 104. Rb5 Ke6 105. Rb6+ Kd7 106. Rb5 Nc4 107. Rd5+ Nd6+ 108. Kb6 Rc6+ 109. Ka5 Rc4 110. Kb6 Rc1 111. Rd3 Rc6+ 112. Ka5 Kc7 113. Kb4 Kb6 114. Rc3 Rxc3 115. Kxc3 1/2-1/2

[Event "Staufer op 33rd"]
[Site "Schwaebisch Gmuend"]
[Date "2023.01.04"]
[Round "5"]
[White "Hausrath, Daniel"]
[Black "Heinemann, Josefine"]
[Result "1/2-1/2"]
[WhiteElo "2469"]
[BlackElo "2336"]
[PlyCount "38"]
[EventDate "2023.01.02"]
[EventType "swiss"]
[EventRounds "9"]
[EventCountry "GER"]
[SourceTitle "CBM 212 Extra"]
[Source "ChessBase"]
[SourceDate "2023.03.31"]
[SourceVersion "1"]
[SourceVersionDate "2023.03.31"]
[SourceQuality "1"]

1. Nf3 d5 2. b3 Nf6 3. Bb2 Bf5 4. c4 e6 5. g3 h6 6. Bg2 c6 7. 0-0 Be7 8. d3 0-0 9. Nbd2 a5 10. a3 Nbd7 11. Rc1 Bh7 12. Bh3 Re8 13. cxd5 cxd5 14. Rc2 Rc8 15. Rxc8 Qxc8 16. Qa1 Qb8 17. Ne5 Qd6 18. Nxd7 Qxd7 19. Nf3 Rc8 1/2-1/2

[Event "Staufer op 33rd"]
[Site "Schwaebisch Gmuend"]
[Date "2023.01.02"]
[Round "2"]
[White "Toktomushev, Teimur"]
[Black "Hausrath, Daniel"]
[Result "0-1"]
[WhiteElo "2255"]
[BlackElo "2469"]
[PlyCount "120"]
[EventDate "2023.01.02"]
[EventType "swiss"]
[EventRounds "9"]
[EventCountry "GER"]
[SourceTitle "CBM 212 Extra"]
[Source "ChessBase"]
[SourceDate "2023.03.31"]
[SourceVersion "1"]
[SourceVersionDate "2023.03.31"]
[SourceQuality "1"]

1. d4 Nf6 2. c4 Nc6 3. Nc3 e5 4. Nf3 exd4 5. Nxd4 g6 6. g3 Bg7 7. Bg2 0-0 8. 0-0 Re8 9. e3 Ne5 10. b3 d6 11. Bb2 Rb8 12. e4 Bg4 13. f3 Bd7 14. Qd2 a6 15. Rae1 Nc6 16. Nxc6 Bxc6 17. f4 Nd7 18. Nd5 Bxb2 19. Qxb2 Bxd5 20. cxd5 c6 21. e5 Qb6+ 22. Kh1 cxd5 23. Bxd5 Qc5 24. Rd1 Nb6 25. Qg2 dxe5 26. fxe5 Nxd5 27. Qxd5 Qxd5+ 28. Rxd5 Rbd8 29. Rfd1 Rxd5 30. Rxd5 Rc8 31. Rd7 b5 32. Rd2 Rc5 33. Re2 Kf8 34. Kg2 Ke7 35. Kf3 Ke6 36. Kf4 h6 37. h4 a5 38. g4 b4 39. Rd2 Rxe5 40. Rc2 g5+ 41. hxg5 hxg5+ 42. Kf3 f5 43. gxf5+ Kxf5 44. Rc8 g4+ 45. Kf2 Kf4 46. Rc4+ Re4 47. Rc5 g3+ 48. Kf1 Re5 49. Rc8 Rd5 50. Rf8+ Rf5 51. Re8 Kf3 52. Kg1 Rc5 53. Rf8+ Ke3 54. Kg2 Rc2+ 55. Kxg3 Rxa2 56. Rf3+ Ke4 57. Rf4+ Kd3 58. Rf3+ Kc2 59. Kf2 Rb2 60. Ke1 Rxb3 0-1

[Event "BEL-chT 2223"]
[Site "Belgium"]
[Date "2022.11.20"]
[Round "4.6"]
[White "Hausrath, Daniel"]
[Black "Asadzade, Idris"]
[Result "1-0"]
[WhiteElo "2459"]
[BlackElo "2229"]
[PlyCount "101"]
[EventDate "2022.09.25"]
[EventType "team-tourn"]
[EventRounds "11"]
[EventCountry "BEL"]
[SourceTitle "CBM 213 Extra"]
[Source "ChessBase"]
[SourceDate "2023.05.31"]
[SourceVersion "1"]
[SourceVersionDate "2023.05.31"]
[SourceQuality "1"]
[WhiteTeam "Wirtzfeld"]
[BlackTeam "Tal"]
[WhiteTeamCountry "BEL"]
[BlackTeamCountry "BEL"]

1. Nf3 d5 2. g3 c5 3. Bg2 Nc6 4. d4 Nf6 5. 0-0 cxd4 6. Nxd4 e5 7. Nxc6 bxc6 8. c4 Be6 9. Nc3 Rc8 10. cxd5 cxd5 11. Qa4+ Qd7 12. Qxd7+ Kxd7 13. Rd1 Bc5 14. Bg5 d4 15. e3 Ke7 16. exd4 Bxd4 17. Nb5 Bb6 18. a4 Rc2 19. Rd2 Rhc8 20. a5 Rc1+ 21. Rd1 Rxa1 22. Rxa1 Bc5 23. b4 Bd4 24. Nxd4 exd4 25. b5 h6 26. Bf4 Nd5 27. Be5 d3 28. Bxg7 Nc3 29. b6 axb6 30. axb6 Nd5 31. b7 Rb8 32. Be4 Rxb7 33. Bxd3 h5 34. h4 Nf6 35. Bxf6+ Kxf6 36. Be2 Bf5 37. Bxh5 Rb1+ 38. Rxb1 Bxb1 39. f4 Be4 40. Kf2 Bc2 41. Ke3 Bb1 42. Bf3 Bf5 43. g4 Bd7 44. g5+ Kg7 45. Kd4 Ba4 46. Ke5 Bc2 47. h5 Bb3 48. h6+ Kg8 49. Kf6 Bc4 50. Bh5 Bb3 51. Bxf7+ 1-0

[Event "Bundesliga 2122"]
[Site "Germany"]
[Date "2022.07.08"]
[Round "12.6"]
[White "Ciolek, Andreas"]
[Black "Hausrath, Daniel"]
[Result "1/2-1/2"]
[WhiteElo "2191"]
[BlackElo "2480"]
[PlyCount "41"]
[EventDate "2022.03.05"]
[EventType "team-tourn"]
[EventRounds "15"]
[EventCountry "GER"]
[SourceTitle "CBM 209 Extra"]
[Source "ChessBase"]
[SourceDate "2022.09.30"]
[SourceVersion "1"]
[SourceVersionDate "2022.09.30"]
[SourceQuality "1"]
[WhiteTeam "Muenchen 36"]
[BlackTeam "Muelheim Nord"]
[WhiteTeamCountry "GER"]
[BlackTeamCountry "GER"]

1. d4 Nf6 2. Nf3 g6 3. g3 Bg7 4. Bg2 0-0 5. 0-0 c6 6. b3 a5 7. Bb2 d6 8. Re1 Bf5 9. Nbd2 d5 10. c4 a4 11. e3 Qa5 12. Rc1 Nbd7 13. Qe2 axb3 14. axb3 Qa2 15. Bc3 Ne4 16. Nxe4 Qxe2 17. Rxe2 Bxe4 18. Bb4 dxc4 19. bxc4 Rfe8 20. Ne1 Bxg2 21. Kxg2 1/2-1/2

[Event "Bundesliga 2122"]
[Site "Germany"]
[Date "2022.05.28"]
[Round "9.6"]
[White "Hausrath, Daniel"]
[Black "Wagner, Dennis"]
[Result "0-1"]
[WhiteElo "2480"]
[BlackElo "2584"]
[PlyCount "82"]
[EventDate "2022.03.05"]
[EventType "team-tourn"]
[EventRounds "15"]
[EventCountry "GER"]
[SourceTitle "EXT 2023"]
[Source "ChessBase"]
[SourceDate "2022.10.05"]
[SourceVersion "1"]
[SourceVersionDate "2022.10.05"]
[SourceQuality "1"]
[WhiteTeam "Muelheim Nord"]
[BlackTeam "Viernheim"]
[WhiteTeamCountry "GER"]
[BlackTeamCountry "GER"]

1. Nf3 d5 2. g3 g6 3. Bg2 Bg7 4. d4 Nf6 5. 0-0 0-0 6. c3 a5 7. a4 Nbd7 8. Bf4 b6 9. Na3 Bb7 10. Qc1 Rc8 11. Bh6 c5 12. Qf4 Ba6 13. Rfe1 Bxh6 14. Qxh6 Re8 15. Ng5 cxd4 16. cxd4 Nf8 17. Bh3 e6 18. Nf3 Qe7 19. Qf4 N8d7 20. g4 Qb4 21. g5 Ne4 22. Bf1 Qxa4 23. h4 Qb4 24. Nh2 Qd6 25. Qe3 h5 26. gxh6 Ndf6 27. f3 Qg3+ 28. Bg2 Qxh4 29. fxe4 Qxh2+ 30. Kxh2 Ng4+ 31. Kg3 Nxe3 32. Bf3 dxe4 33. Bxe4 Nf5+ 34. Bxf5 exf5 35. e3 Kh7 36. b4 axb4 37. Nc2 b3 38. Nb4 Bc4 39. d5 Kxh6 40. Ra7 b2 41. Kf2 Bxd5 0-1

[Event "Bundesliga 2122"]
[Site "Germany"]
[Date "2022.04.30"]
[Round "5.8"]
[White "Hausrath, Daniel"]
[Black "Meessen, Rudolf"]
[Result "1-0"]
[WhiteElo "2480"]
[BlackElo "2226"]
[PlyCount "111"]
[EventDate "2022.03.05"]
[EventType "team-tourn"]
[EventRounds "15"]
[EventCountry "GER"]
[SourceTitle "EXT 2023"]
[Source "ChessBase"]
[SourceDate "2022.10.05"]
[SourceVersion "1"]
[SourceVersionDate "2022.10.05"]
[SourceQuality "1"]
[WhiteTeam "Muelheim Nord"]
[BlackTeam "Aachen"]
[WhiteTeamCountry "GER"]
[BlackTeamCountry "GER"]

1. Nf3 d6 2. d4 g6 3. g3 Bg7 4. Bg2 e5 5. dxe5 dxe5 6. Qxd8+ Kxd8 7. Nc3 c6 8. Be3 f6 9. 0-0-0+ Kc7 10. Bc5 Be6 11. Bd6+ Kc8 12. Nd2 Nh6 13. Nde4 Nd7 14. h4 Nf7 15. Ba3 f5 16. Ng5 Nxg5 17. hxg5 h5 18. e4 Bf8 19. Bxf8 Nxf8 20. exf5 gxf5 21. Rhe1 Nd7 22. Rd6 Re8 23. Bf3 Kc7 24. Red1 Re7 25. Bxh5 Rh8 26. Be2 Rh2 27. f4 e4 28. g6 Rg2 29. g4 fxg4 30. g7 Bg8 31. Rg6 Re6 32. Rxg4 Rg6 33. Rxg6 Rxg6 34. Nxe4 Rxg7 35. Ng5 Nf6 36. Bf3 Re7 37. Rh1 Nd5 38. Rh8 Rg7 39. Bxd5 Bxd5 40. b3 b5 41. Kd2 Kd6 42. Kd3 Kc5 43. Rh7 Rxh7 44. Nxh7 Bf7 45. f5 Kd6 46. Ke4 a5 47. Ng5 Bd5+ 48. Kf4 a4 49. Ne4+ Kc7 50. Ke5 b4 51. Nc5 axb3 52. axb3 Kb6 53. Ne6 Bf3 54. f6 Bh5 55. Kd6 Bg6 56. Ke7 1-0

[Event "NED-chT 2122"]
[Site "Netherlands"]
[Date "2022.04.23"]
[Round "9.1"]
[White "Hausrath, Daniel"]
[Black "Van Foreest, Machteld"]
[Result "1/2-1/2"]
[WhiteElo "2467"]
[BlackElo "2141"]
[PlyCount "77"]
[EventDate "2021.09.18"]
[EventType "team-tourn"]
[EventRounds "9"]
[EventCountry "NED"]
[SourceTitle "EXT 2023"]
[Source "ChessBase"]
[SourceDate "2022.10.05"]
[SourceVersion "1"]
[SourceVersionDate "2022.10.05"]
[SourceQuality "1"]
[WhiteTeam "Zuid Limburg"]
[BlackTeam "Groningen Combinatie"]
[WhiteTeamCountry "NED"]
[BlackTeamCountry "NED"]

1. Nf3 d5 2. g3 Nf6 3. Bg2 e6 4. d4 Be7 5. c4 0-0 6. Qc2 c6 7. 0-0 b6 8. b3 Bb7 9. Nc3 Nbd7 10. Rd1 Qc7 11. Bb2 Rac8 12. Rac1 Qb8 13. Qb1 Rfd8 14. e3 Qa8 15. cxd5 cxd5 16. a4 Nb8 17. Bh3 h6 18. Ne2 Nc6 19. Nf4 Na5 20. Nxe6 Rxc1 21. Rxc1 Bc8 22. Rc7 Re8 23. Ne5 Bxe6 24. Bxe6 fxe6 25. Qg6 Qd8 26. Qf7+ Kh7 27. Qg6+ Kg8 28. Rxa7 Qd6 29. Qf7+ Kh7 30. Qg6+ Kg8 31. Nf7 Qb8 32. Nxh6+ Kh8 33. Nf7+ Kg8 34. Nh6+ Kh8 35. Nf7+ Kg8 36. Rd7 Nxd7 37. Nh6+ Kh8 38. Nf7+ Kg8 39. Nh6+ 1/2-1/2

[Event "Oberliga NRW 2122"]
[Site "Germany"]
[Date "2022.04.03"]
[Round "5.3"]
[White "Hausrath, Daniel"]
[Black "Roshka, Yevgeniy"]
[Result "1-0"]
[WhiteElo "2480"]
[BlackElo "2466"]
[PlyCount "87"]
[EventDate "2021.10.31"]
[EventType "team-tourn"]
[EventRounds "9"]
[EventCountry "GER"]
[SourceTitle "EXT 2023"]
[Source "ChessBase"]
[SourceDate "2022.10.05"]
[SourceVersion "1"]
[SourceVersionDate "2022.10.05"]
[SourceQuality "1"]
[WhiteTeam "Muelheim Nord II"]
[BlackTeam "Siegburg"]
[WhiteTeamCountry "GER"]
[BlackTeamCountry "GER"]

1. Nf3 Nf6 2. g3 e6 3. Bg2 b5 4. 0-0 Bb7 5. d3 d5 6. a4 b4 7. Nbd2 Be7 8. e4 c5 9. exd5 Nxd5 10. Nc4 Nc6 11. a5 Rc8 12. a6 Ba8 13. Re1 0-0 14. h4 h6 15. Bd2 Qc7 16. c3 Rfd8 17. Qe2 Bf6 18. Rac1 Qb8 19. Nh2 bxc3 20. bxc3 Qb3 21. Ng4 Bxc3 22. Bxd5 Nd4 23. Nf6+ Kf8 24. Qe3 Rxd5 25. Rxc3 Qa4 26. Nxd5 Bxd5 27. f4 Ba8 28. Kf2 Qc6 29. Rg1 Qd5 30. Rcc1 Nf5 31. Qe4 Qd8 32. Qe2 Nd4 33. Qe5 Nf5 34. Be3 Kg8 35. Rgd1 Qd7 36. Rb1 Qc6 37. Rb7 Qxa6 38. Rb8 f6 39. Qc7 Ne7 40. Rxa8 Rxa8 41. Qxe7 Rb8 42. Qxc5 Qa2+ 43. Rd2 Qa1 44. Qxa7 1-0